000 02591cam a2200505Ia 4500
001 612212183
003 OSt
005 20180923144744.0
006 m d
007 cr mn|||||||||
008 100507s2009 ne a ob 001 0 eng d
020 _a9780387709840 (eisbn)
020 _a0387709843 (eisbn)
020 _z9780387709833
020 _z0387709835
035 _a.b68808847
037 _a978-0-387-70983-3
_bSpringer
_nhttp://www.springerlink.com
040 _aSINTU
_cSINTU
_dN$T
_dGW5XE
_dEBLCP
_dOSU
_dUtOrBLW
049 _aOH1A
050 4 _aQH323.5
_b.S56 2009eb
050 4 _aQH323.5
_b.S56 2009eb
082 0 4 _a570.151
_222
_bSRM
100 1 _aShonkwiler, Ronald W.,
_d1942-
_965095
245 1 0 _aMathematical biology
_h[electronic resource] :
_ban introduction with Maple and Matlab /
_cRonald W. Shonkwiler, James Herod
250 _a2nd ed
260 _aDordrecht ;
_aNew York :
_bSpringer,
_cc2009
300 _a1 online resource (xiii, 551 p.) :
_bill
490 1 _aUndergraduate texts in mathematics
504 _aIncludes bibliographical references and index
504 _aIncludes bibliographical references and indexes
505 0 0 _tBiology, mathematics, and a mathematical biology laboratory --
_tSome mathematical tools --
_tpt. 1. Cells, signals, growth, and polulations --
_tInteractions between organisms and their environment --
_tAge-dependent population structures --
_tRandom movements in space and time --
_tNeurophysiology --
_tg
_tThe biochemisty of cells --
_tpt. 2. Systems and diseases --
_tA biomathematical approach to HIV and AIDS --
_tParasites and their disease --
_tCancer: a disease of the DNA -- pt. 3. Genomics
_tGenetics --
_tGenomics --
_tPhylogenetics
630 0 0 _aMaple (Computer file)
_939193
630 0 0 _aMATLAB
_965096
650 0 _aBiomathematics
_965097
650 0 _aBiomathematics
_xComputer programs
_965098
655 0 _aElectronic books
_965099
700 1 _aHerod, J. V.,
_d1937-
_965100
773 0 _tSpringerLink
_w(OCoLC)43927870
773 0 _tOhioLINK electronic book center (Online)
_w(OCoLC)180989150
776 0 8 _iPrint version:
_aShonkwiler, Ronald W., 1942-
_tMathematical biology.
_b2nd ed.
_dNew York : Springer, 2009
_z9780387709833
_z0387709835
_w(OCoLC)451477717
830 0 _aUndergraduate texts in mathematics
_918788
856 4 0 _uhttp://rave.ohiolink.edu/ebooks/ebc/9780387709840
_zConnect to resource
856 4 1 _3Table of contents
_uhttp://bvbr.bib-bvb.de:8991/F?func=service&doc_library=BVB01&doc_number=017693722&line_number=0001&func_code=DB_RECORDS&service_type=MEDIA
942 _2ddc
_cBOOK
999 _c75170
_d312447